Logo BPK

Biblioteka

Politechniki Koszalińskiej

Instalowanie i wyposażenie radiostacji amatorskich / (Rekord nr 2823)

Szczegóły MARC
000 -ETYKIETA REKORDU
podpole kontrolne o stałej długości 00382nam a2200157 i 4500
001 - NUMER KONTROLNY REKORDU
pole kontrolne bg
040 ## - ŹRÓDŁO KATALOGOWANIA
Instytucja, która utworzyła rekord BPK
041 ## - KOD JĘZYKA
Kod języka tekstu pol
080 ## - UNIWERSALNA KLASYFIKACJA DZIESIĘTNA - UKD
UKD 621.396
008 - POLE O STAŁEJ DŁUGOŚCI - DANE KONTROLNE
podpole kontrolne o stałej długości s pl f |000 0 pol
100 1# - NAZWA OSOBOWA
Nazwa osobowa CHOJNACKI, Wiktor
245 #0 - TYTUŁ/ODPOWIEDZIALNOŚĆ
Tytuł Instalowanie i wyposażenie radiostacji amatorskich /
Pozostałe elementy strefy tytułu i oznaczenia odpowiedzialności W. Chojnacki.
250 ## - STREFA WYDANIA
Oznaczenie wydania Wyd.2 zm.
260 ## - STREFA ADRESU WYDAWNICZEGO
Miejsce wydania Warszawa,
Data publikacji, dystrybucji/powstania dokumentu 1986.
856 ## - LOKALIZACJA I DOSTĘP DO ELEKTRONICZNYCH DOKUMENTÓW ZDALNYCH
Link (URL) http://koha.tu.koszalin.pl/cgi-bin/koha/opac-detail.pl?biblionumber=2823
Tekst linku Katalog online BPK
942 ## - DODATKOWE ELEMENTY (KOHA)
Typ dokumentu Książka
Egzemplarze
Wycofany Status egzemplarza Uszkodzony Dostępność Lokalizacja stała Lokalizacja bieżąca Miejsce przechowywania Sygnatura Kod kreskowy Typ dokumentu
      Dostępny Biblioteka Politechniki Koszalińskiej Biblioteka Politechniki Koszalińskiej Wypożyczalnia BG P 35426 01050141 Książka
© 2023 Biblioteka Politechniki Koszalińskiej :: KOHA